[Event "TUR-chT 2nd League"]
[Site "Konya"]
[Date "2018.07.19"]
[Round "5.12"]
[White "Bekiragaoglu, Umut"]
[Black "Soylemez, Baris"]
[Result "1-0"]
[WhiteElo "1807"]
[BlackElo "1644"]
[PlyCount "134"]
[EventDate "2018.07.16"]
[EventType "team-swiss"]
[EventRounds "9"]
[EventCountry "TUR"]
[SourceTitle "EXT 2019"]
[Source "ChessBase"]
[SourceDate "2018.10.10"]
[SourceVersion "1"]
[SourceVersionDate "2018.10.10"]
[SourceQuality "1"]
[WhiteTeam "Calli Spor"]
[BlackTeam "Ayidin Nazilli Belediyesi"]
[WhiteTeamCountry "TUR"]
[BlackTeamCountry "TUR"]

1. e4 c6 2. Nf3 d5 3. exd5 cxd5 4. Ne5 Nc6 5. Bb5 Qc7 6. d4 a6 7. Bxc6+ bxc6 8. 0-0 Nf6 9. c4 dxc4 10. Nxc4 e6 11. Nc3 Be7 12. Qf3 Nd5 13. Bd2 0-0 14. Rac1 Bf6 15. Rfd1 Bb7 16. Ne4 Bxd4 17. Ba5 Qf4 18. Ncd6 Rab8 19. Qxf4 Nxf4 20. Bc7 Ne2+ 21. Kf1 Nxc1 22. Rxd4 a5 23. Nc5 Ba6+ 24. Nxa6 Rxb2 25. a3 Nb3 26. Rd1 Rc2 27. Nb8 h6 28. Nd7 Ra8 29. Nb6 Ra7 30. Bb8 Re7 31. Nbc4 Nc5 32. Nxa5 Na6 33. Ndc4 Nxb8 34. Rd8+ Kh7 35. Rxb8 Rd7 36. Rb1 c5 37. g3 Rd4 38. Ne3 Rc3 39. Ra1 Ra4 40. Nec4 Kg6 41. Ke2 Kf6 42. Kd2 Rcxc4 43. Nxc4 Rxc4 44. a4 Ke5 45. a5 Rd4+ 46. Kc3 Rd7 47. a6 Ra7 48. Kc4 Kd6 49. Kb5 Kc7 50. Kxc5 f6 51. Kb5 Ra8 52. f4 g6 53. a7 g5 54. fxg5 fxg5 55. Kc5 g4 56. Kd4 Kb7 57. Ke5 h5 58. Ra2 Kb6 59. Kxe6 Kb7 60. Kf7 Kb6 61. Kg6 Kb7 62. Kxh5 Rh8+ 63. Kxg4 Rg8+ 64. Kh3 Rh8+ 65. Kg4 Rd8 66. a8Q+ Rxa8 67. Rxa8 Kxa8 1-0

[Event "TUR-chT 2nd League"]
[Site "Konya"]
[Date "2017.07.22"]
[Round "8.13"]
[White "Soylemez, Baris"]
[Black "Ozsakallioglu, Okan"]
[Result "0-1"]
[WhiteElo "1707"]
[BlackElo "1983"]
[PlyCount "60"]
[EventDate "2017.07.17"]
[EventType "team-swiss"]
[EventRounds "9"]
[EventCountry "TUR"]
[SourceTitle "CBM 179 Extra"]
[Source "ChessBase"]
[SourceDate "2017.08.23"]
[SourceVersion "1"]
[SourceVersionDate "2017.08.23"]
[SourceQuality "1"]
[WhiteTeam "Ayidin Nazilli Belediyesi"]
[BlackTeam "Bolu Koroglu"]
[WhiteTeamCountry "TUR"]
[BlackTeamCountry "TUR"]

1. d4 d5 2. c4 c6 3. Nc3 f5 4. Nf3 e6 5. Bf4 Nf6 6. e3 Be7 7. Bd3 0-0 8. 0-0 b6 9. cxd5 exd5 10. Qb3 Kh8 11. h3 Ne4 12. Rfc1 Bb7 13. Ne5 Nd7 14. Nxd7 Qxd7 15. Nxd5 Nd2 16. Qd1 Qxd5 17. Qxd2 c5 18. f3 Bf6 19. Bc4 Qd7 20. Rd1 Rad8 21. Kh1 cxd4 22. Qb4 g5 23. Bh2 g4 24. hxg4 fxg4 25. e4 Qg7 26. Bf4 g3 27. Bd6 Be5 28. Bxe5 Qxe5 29. Bb3 Rf4 30. Rd2 Rh4+ 0-1

[Event "TUR-chT 2nd League"]
[Site "Konya"]
[Date "2017.07.20"]
[Round "5.16"]
[White "Soylemez, Baris"]
[Black "Aligil, Fadli"]
[Result "1/2-1/2"]
[WhiteElo "1707"]
[BlackElo "1814"]
[PlyCount "91"]
[EventDate "2017.07.17"]
[EventType "team-swiss"]
[EventRounds "9"]
[EventCountry "TUR"]
[SourceTitle "CBM 179 Extra"]
[Source "ChessBase"]
[SourceDate "2017.08.23"]
[SourceVersion "1"]
[SourceVersionDate "2017.08.23"]
[SourceQuality "1"]
[WhiteTeam "Ayidin Nazilli Belediyesi"]
[BlackTeam "Antalya Deniz Genclik"]
[WhiteTeamCountry "TUR"]
[BlackTeamCountry "TUR"]

1. d4 d5 2. c4 c6 3. Nc3 Nf6 4. Nf3 dxc4 5. a4 Bf5 6. e3 e6 7. Bxc4 Bb4 8. 0-0 0-0 9. Nh4 Bg4 10. Be2 Bxe2 11. Qxe2 Nd5 12. Nxd5 cxd5 13. Nf3 Nc6 14. Bd2 Qe7 15. Ne5 Rac8 16. Rfc1 Rc7 17. Bxb4 Qxb4 18. Qb5 Rfc8 19. Nxc6 Qxb5 20. axb5 bxc6 21. bxc6 Rxc6 22. Rxc6 Rxc6 23. Kf1 a6 24. Ke1 Kf8 25. Kd2 Ke7 26. Ra3 Kd7 27. Rc3 Kc7 28. Kd3 a5 29. Ra3 Kb6 30. Rb3+ Ka6 31. Rb8 Rb6 32. Rxb6+ Kxb6 33. Kc3 Kb5 34. Kb3 f6 35. f4 h6 36. h4 h5 37. Ka3 a4 38. b3 axb3 39. Kxb3 f5 40. g3 g6 41. Kc3 Ka4 42. Kc2 Ka3 43. Kc3 Ka4 44. Kc2 Kb4 45. Kb2 Kc4 46. Kc2 1/2-1/2